Tormenta de espadas
Saved in:
| Hovedforfatter: | |
|---|---|
| Format: | Bog |
| Sprog: | spansk |
| Udgivet: |
Santiago
Penguin Random House
2017
|
| Udgivelse: | 2a. ed |
| Serier: | Canción de Hielo y Fuego, 3
|
| Fag: | |
| Tags: |
Tilføj Tag
Ingen Tags, Vær først til at tagge denne postø!
|
MARC
| LEADER | 00000cam a2200000 a 4500 | ||
|---|---|---|---|
| 001 | UCC7721 | ||
| 003 | CL-VaPUC | ||
| 008 | 190505e20170000cl |||||||||||||||||spa|d | ||
| 020 | |a 9789563251999 | ||
| 082 | 0 | 4 | |a 813 |b MAR |2 21 |
| 100 | |a Martin, George R. R. |e autor |9 602407 | ||
| 245 | 1 | 0 | |a Tormenta de espadas |
| 250 | |a 2a. ed | ||
| 300 | |a 1172 p | ||
| 942 | |c BK | ||
| 945 | |d 20190505 21:05:00 |a dcastane | ||
| 260 | |a Santiago |b Penguin Random House |c 2017 | ||
| 650 | 0 | |a Novelas estadounidenses |9 265217 | |
| 650 | 0 | |a Literatura estadounidense |9 317168 | |
| 650 | 0 | |a Literatura fantástica |9 266050 | |
| 583 | |a last modification |c 20190505 21:05:00 |k Rodrigo Vera | ||
| 490 | 0 | |a Canción de Hielo y Fuego, 3 | |
| 999 | |c 374288 |d 374286 | ||